Lutherforschung der letzten drei Dekaden

Saved in:  
Bibliographic Details
Subtitles:Seminarberichte - Reports
Main Author: Assel, Heinrich 1961- (Author)
Format: Print Article
Language:German
Check availability: HBZ Gateway
Interlibrary Loan:Interlibrary Loan for the Fachinformationsdienste (Specialized Information Services in Germany)
Published: [2018]
In: Lutherjahrbuch
Year: 2018, Volume: 85, Pages: 336-340
IxTheo Classification:KAG Church history 1500-1648; Reformation; humanism; Renaissance
KAJ Church history 1914-; recent history
KDD Protestant Church

MARC

LEADER 00000caa a2200000 c 4500
001 166303771X
003 DE-627
005 20220928154221.0
007 tu
008 190410s2018 xx ||||| 00| ||ger c
035 |a (DE-627)166303771X 
035 |a (DE-599)KXP166303771X 
040 |a DE-627  |b ger  |c DE-627  |e rda 
041 |a ger 
084 |a 1  |2 ssgn 
100 1 |e VerfasserIn  |0 (DE-588)113138768  |0 (DE-627)491230699  |0 (DE-576)169717054  |4 aut  |a Assel, Heinrich  |d 1961- 
109 |a Assel, Heinrich 1961- 
245 1 0 |a Lutherforschung der letzten drei Dekaden  |c Seminarleiter: Heinrich Assel ; Berichterstatter: Heinrich Assel 
246 1 |i Rubrikentitel  |a Seminarberichte - Reports 
264 1 |c [2018] 
336 |a Text  |b txt  |2 rdacontent 
337 |a ohne Hilfsmittel zu benutzen  |b n  |2 rdamedia 
338 |a Band  |b nc  |2 rdacarrier 
652 |a KAG:KAJ:KDD 
773 0 8 |i Enthalten in  |t Lutherjahrbuch  |d Göttingen : Vandenhoeck & Ruprecht, 1920  |g 85(2018), Seite 336-340  |w (DE-627)129081256  |w (DE-600)3429-0  |w (DE-576)014414104  |x 0342-0914  |7 nnas 
773 1 8 |g volume:85  |g year:2018  |g pages:336-340 
935 |a DTH5 
951 |a AR 
ELC |b 1 
ITA |a 1  |t 1 
LOK |0 000 xxxxxcx a22 zn 4500 
LOK |0 001 3421194696 
LOK |0 003 DE-627 
LOK |0 004 166303771X 
LOK |0 005 20190417090641 
LOK |0 008 190410||||||||||||||||ger||||||| 
LOK |0 040   |a DE-Tue135  |c DE-627  |d DE-Tue135 
LOK |0 092   |o n 
LOK |0 852   |a DE-Tue135 
LOK |0 852 1  |9 00 
LOK |0 935   |a ixzs 
LOK |0 936ln  |0 1442050047  |a KDD 
LOK |0 936ln  |0 1442044608  |a KAG 
LOK |0 936ln  |0 1442044640  |a KAJ 
LOK |0 939   |a 10-04-19  |b l01 
ORI |a SA-MARC-ixtheoa001.raw